Domestic migratory farmworkers : (Record no. 12282)

MARC details
000 -LEADER
fixed length control field 00948cam a22002891a 4500
001 - CONTROL NUMBER
control field agr67000347
003 - CONTROL NUMBER IDENTIFIER
control field DLC
005 - DATE AND TIME OF LATEST TRANSACTION
control field 20260227111027.0
008 - FIXED-LENGTH DATA ELEMENTS--GENERAL INFORMATION
fixed length control field 800630s1967 dcu bs f000 0 eng c
010 ## - LIBRARY OF CONGRESS CONTROL NUMBER
LC control number agr67000347
035 ## - SYSTEM CONTROL NUMBER
System control number (OCoLC)6471194
040 ## - CATALOGING SOURCE
Original cataloging agency U.S. Nat'l. Agr. Libr.
Transcribing agency NPotU
Modifying agency NPotU
-- DNAL
-- DLC
042 ## - AUTHENTICATION CODE
Authentication code premarc
043 ## - GEOGRAPHIC AREA CODE
Geographic area code n-us---
050 00 - LIBRARY OF CONGRESS CALL NUMBER
Classification number HD1751
Item number .A91854 no. 121
070 0# - NATIONAL AGRICULTURAL LIBRARY CALL NUMBER
Classification number A281.9
Item number Ag8A no.121
072 0# - SUBJECT CATEGORY CODE
Subject category code E100
-- E200
082 ## - DEWEY DECIMAL CLASSIFICATION NUMBER
Classification number 331.6/7/0973
100 1# - MAIN ENTRY--PERSONAL NAME
Personal name Rapton, Avra,
Dates associated with a name 1927-
245 10 - TITLE STATEMENT
Title Domestic migratory farmworkers :
Remainder of title personal and economic characteristics /
Statement of responsibility, etc. [by Arra Rapton].
260 ## - PUBLICATION, DISTRIBUTION, ETC.
Place of publication, distribution, etc. Washington, D.C. :
Name of publisher, distributor, etc. Economic Research Service, U.S. Dept. of Agriculture,
Date of publication, distribution, etc. 1967.
300 ## - PHYSICAL DESCRIPTION
Extent iv, 32 p. ;
Dimensions 26 cm.
440 #0 - SERIES STATEMENT/ADDED ENTRY--TITLE
Title Agricultural economic report ;
Volume/sequential designation no. 121
500 ## - GENERAL NOTE
General note Cover title.
504 ## - BIBLIOGRAPHY, ETC. NOTE
Bibliography, etc. note Bibliography: p. 31-32.
650 #0 - SUBJECT ADDED ENTRY--TOPICAL TERM
Topical term or geographic name entry element Migrant agricultural laborers
Geographic subdivision United States.

No items available.

Powered by Koha